[Event "FRA-ch U20"]
[Site "Saint Paul Trois Chateaux"]
[Date "2013.05.01"]
[Round "5"]
[White "Stum, Loic"]
[Black "Bensaid, Simon"]
[Result "1-0"]
[WhiteElo "1683"]
[BlackElo "1554"]
[PlyCount "89"]
[EventDate "2013.04.28"]
[EventType "swiss"]
[EventRounds "9"]
[EventCountry "FRA"]
[SourceTitle "CBM 154 Extra"]
[Source "ChessBase"]
[SourceDate "2013.06.25"]
[SourceVersion "2"]
[SourceVersionDate "2013.06.25"]
[SourceQuality "1"]

1. e4 c5 2. Nf3 e6 3. d4 cxd4 4. Nxd4 Nc6 5. Nc3 a6 6. Be3 Nf6 7. f3 Qc7 8. Qd2 Bb4 9. a3 Bxc3 10. Qxc3 d5 11. Bd3 Bd7 12. 0-0-0 Rc8 13. Nb3 0-0 14. h4 dxe4 15. fxe4 Qe5 16. Qe1 Nb8 17. Bd4 Qc7 18. h5 e5 19. Bc3 Bg4 20. Rd2 Nxh5 21. Rh4 Nf6 22. Qg3 Qb6 23. Rxg4 Nxg4 24. Qxg4 Rxc3 25. bxc3 Qd6 26. Kb2 Qc7 27. Qg3 b5 28. Nd4 Rc8 29. Nxb5 axb5 30. Bxb5 Nc6 31. a4 Rd8 32. Rxd8+ Nxd8 33. Qd3 g5 34. Qd7 Qxd7 35. Bxd7 Nb7 36. Ka3 Kf8 37. Kb4 Ke7 38. Bc6 Nd6 39. a5 Kd8 40. a6 Nc8 41. Kc5 h5 42. Bb5 f6 43. Be2 g4 44. Kc6 Ne7+ 45. Kb7 1-0

[Event "FRA-ch U20"]
[Site "Saint Paul Trois Chateaux"]
[Date "2013.04.28"]
[Round "1"]
[White "Samoun, Florent"]
[Black "Stum, Loic"]
[Result "1-0"]
[WhiteElo "2166"]
[BlackElo "1683"]
[PlyCount "41"]
[EventDate "2013.04.28"]
[EventType "swiss"]
[EventRounds "9"]
[EventCountry "FRA"]
[SourceTitle "CBM 154 Extra"]
[Source "ChessBase"]
[SourceDate "2013.06.25"]
[SourceVersion "2"]
[SourceVersionDate "2013.06.25"]
[SourceQuality "1"]

1. e4 e5 2. Nf3 Nc6 3. Bb5 a6 4. Ba4 b5 5. Bb3 Bc5 6. 0-0 d6 7. c3 Bg4 8. d3 Nge7 9. Bxf7+ Kd7 10. b4 Ba7 11. h3 Bxf3 12. Qxf3 Kc8 13. a4 g6 14. Bh6 Qd7 15. axb5 axb5 16. Na3 Nd8 17. Bb3 c6 18. d4 exd4 19. c4 Ne6 20. cxb5 c5 21. Qf6 1-0